Top 500 Baby Boy Names in the USA for 2020 - Statistics

General Stats
  • This quiz has been taken 101 times
  • The average score is 195 of 500
Answer Stats
Answer % Correct
5 W William
100%
169 J Jesus
94%
21 J Jack
91%
15 J Jacob
91%
6 J James
91%
27 J John
91%
1 L Liam
91%
2 N Noah
91%
183 A Alex
88%
46 C Charles
88%
94 J Jose
88%
12 M Michael
88%
45 T Thomas
88%
10 A Alexander
85%
62 C Christian
85%
332 C Cristian
85%
14 D Daniel
85%
132 G George
85%
36 L Leo
85%
67 L Luca
85%
456 L Lucca
85%
3 O Oliver
85%
208 R Richard
85%
282 A Andre
82%
52 A Andrew
82%
7 B Benjamin
82%
47 C Christopher
82%
28 D David
82%
9 H Henry
82%
17 J Jackson
82%
26 J Joseph
82%
8 L Lucas
82%
218 L Lukas
82%
235 M Mark
82%
30 M Matthew
82%
215 P Peter
82%
57 R Ryan
82%
130 T Tyler
82%
13 E Ethan
79%
70 J Jonathan
79%
196 L Leon
79%
31 L Luke
79%
195 E Edward
76%
60 E Eli
76%
105 E Evan
76%
427 F Frank
76%
260 L Louis
76%
25 S Samuel
76%
193 T Timothy
76%
135 Z Zachary
76%
63 A Aaron
74%
270 B Brian
74%
149 C Carlos
74%
198 E Eric
74%
381 J Jay
74%
37 J Jayden
74%
53 J Joshua
74%
166 J Justin
74%
86 L Leonardo
74%
334 S Sean
74%
453 S Shawn
74%
222 S Steven
74%
200 V Victor
74%
157 K Kevin
71%
314 K Kyle
71%
161 L Luka
71%
226 M Marcus
71%
11 M Mason
71%
55 N Nathan
71%
87 N Nicholas
71%
252 P Paul
71%
80 R Robert
71%
41 A Anthony
68%
165 B Brandon
68%
204 C Charlie
68%
176 D Dean
68%
4 E Elijah
68%
38 G Gabriel
68%
172 T Theo
68%
39 I Isaac
65%
232 J Jeremy
65%
82 J Jordan
65%
276 J Jorge
65%
22 O Owen
65%
95 P Parker
65%
205 P Patrick
65%
452 P Philip
65%
58 A Adrian
62%
463 A Allen
62%
273 B Bradley
62%
65 C Cameron
62%
119 J Jason
62%
300 K Kameron
62%
310 M Muhammad
62%
214 O Oscar
62%
322 S Stephen
62%
23 T Theodore
62%
121 V Vincent
62%
201 A Abraham
59%
97 A Adam
59%
136 A Ashton
59%
110 D Damian
59%
277 D Damien
59%
42 D Dylan
59%
128 J Jonah
59%
34 J Julian
59%
93 K Kai
59%
16 L Logan
59%
249 S Simon
59%
91 X Xavier
59%
181 A Abel
56%
78 C Connor
56%
482 F Francis
56%
435 G Gregory
56%
114 H Harrison
56%
83 I Ian
56%
153 I Ivan
56%
320 J Jake
56%
246 J Jax
56%
85 J Jaxson
56%
154 J Jude
56%
243 K Kenneth
56%
18 L Levi
56%
293 M Martin
56%
174 M Matteo
56%
147 M Max
56%
194 A Alan
53%
180 A Antonio
53%
259 B Bryan
53%
33 C Carter
53%
464 C Collin
53%
422 E Erik
53%
213 G Grant
53%
69 H Hunter
53%
396 J Jaiden
53%
368 J Jared
53%
250 J Javier
53%
74 J Jeremiah
53%
203 J Jesse
53%
418 J Johnathan
53%
162 K Karter
53%
59 M Miles
53%
125 N Nathaniel
53%
188 X Xander
53%
258 Z Zane
53%
312 Z Zayn
53%
24 A Aiden
50%
401 A Andy
50%
32 A Asher
50%
309 D Derek
50%
179 F Finn
50%
415 F Franklin
50%
43 H Hudson
50%
387 J Johnny
50%
145 J Juan
50%
393 M Marco
50%
311 R Raymond
50%
76 A Angel
47%
163 A Arthur
47%
88 A Austin
47%
209 B Blake
47%
143 C Calvin
47%
123 C Chase
47%
75 C Cooper
47%
44 E Ezra
47%
484 F Frederick
47%
48 J Jaxon
47%
497 L Lewis
47%
20 M Mateo
47%
318 N Nico
47%
339 R Ricardo
47%
257 R Riley
47%
19 S Sebastian
47%
29 W Wyatt
47%
281 Z Zander
47%
211 A Avery
44%
72 A Axel
44%
56 C Caleb
44%
297 C Cody
44%
133 C Cole
44%
287 C Colin
44%
328 E Eduardo
44%
54 E Elias
44%
164 E Elliot
44%
225 F Felix
44%
364 G Garrett
44%
177 H Hayden
44%
51 I Isaiah
44%
486 J Jonas
44%
231 K Kaleb
44%
68 L Landon
44%
40 L Lincoln
44%
338 T Travis
44%
324 A Ali
41%
111 B Brayden
41%
376 C Cade
41%
242 C Caden
41%
298 E Erick
41%
35 G Grayson
41%
81 G Greyson
41%
386 J Jeffrey
41%
207 J Joel
41%
363 K Kade
41%
253 K Kaden
41%
146 M Maxwell
41%
106 M Micah
41%
228 P Preston
41%
439 Q Quinn
41%
437 R Roberto
41%
433 S Seth
41%
98 W Wesley
41%
394 Z Zayne
41%
155 A August
38%
178 B Brody
38%
498 B Bruce
38%
167 C Camden
38%
84 C Carson
38%
388 C Clark
38%
269 D Dallas
38%
391 E Edgar
38%
107 E Emmett
38%
64 E Ezekiel
38%
305 F Finley
38%
296 F Francisco
38%
290 J Jaden
38%
79 J Jameson
38%
479 J Jamison
38%
478 K Kamden
38%
265 K Karson
38%
99 K Kayden
38%
137 L Luis
38%
329 M Mario
38%
417 N Noel
38%
385 P Pablo
38%
411 P Pedro
38%
432 P Peyton
38%
370 R Russell
38%
317 S Spencer
38%
272 W Walter
38%
104 W Weston
38%
313 A Angelo
35%
160 A Archer
35%
304 B Brady
35%
234 B Bryce
35%
267 C Cayden
35%
289 C Clayton
35%
221 C Colt
35%
66 C Colton
35%
404 C Conor
35%
326 E Ellis
35%
229 E Emilio
35%
142 G Gavin
35%
186 G Graham
35%
96 J Jace
35%
138 J Jasper
35%
139 K Kaiden
35%
171 K King
35%
323 M Manuel
35%
61 N Nolan
35%
254 O Omar
35%
402 S Solomon
35%
353 T Tate
35%
191 T Tucker
35%
372 T Tyson
35%
212 A Alejandro
32%
101 B Bennett
32%
438 C Conner
32%
430 D Damon
32%
102 D Declan
32%
126 D Diego
32%
344 E Edwin
32%
151 E Emmanuel
32%
342 F Fernando
32%
416 H Harvey
32%
489 I Izaiah
32%
150 J Jayce
32%
352 K Killian
32%
239 K Kobe
32%
170 M Maddox
32%
291 M Malcolm
32%
50 M Maverick
32%
124 M Myles
32%
389 O Otto
32%
315 P Prince
32%
419 R Rhys
32%
77 R Roman
32%
330 R Rory
32%
467 R Ruben
32%
182 T Tristan
32%
414 T Troy
32%
199 A Ace
29%
481 A Alexis
29%
219 A Andres
29%
468 A Archie
29%
392 A Ari
29%
131 B Braxton
29%
279 C Chance
29%
73 E Easton
29%
491 E Eden
29%
90 E Everett
29%
120 G Giovanni
29%
335 J Julius
29%
366 M Marshall
29%
493 M Maximilian
29%
134 M Milo
29%
113 R Rowan
29%
108 R Ryder
29%
71 S Santiago
29%
333 T Tanner
29%
263 T Tobias
29%
206 W Walker
29%
343 W Warren
29%
144 Z Zion
29%
499 A Augustus
26%
141 B Bentley
26%
115 B Bryson
26%
266 C Cash
26%
197 D Dawson
26%
89 D Dominic
26%
268 E Emerson
26%
321 G Gideon
26%
483 H Hank
26%
365 H Hector
26%
421 H Hugo
26%
302 J Jensen
26%
184 J Judah
26%
255 K Kash
26%
425 K Kendrick
26%
117 K Kingston
26%
189 M Miguel
26%
494 M Moses
26%
247 R Rafael
26%
159 R Rhett
26%
129 R River
26%
116 S Sawyer
26%
490 T Tatum
26%
408 W Winston
26%
118 A Amir
24%
306 A Anderson
24%
220 A Arlo
24%
187 A Atlas
24%
336 C Callum
24%
303 C Cruz
24%
382 D Devin
24%
374 D Donovan
24%
173 E Enzo
24%
471 E Esteban
24%
112 G Gael
24%
308 G Gunner
24%
237 I Israel
24%
474 J Jase
24%
49 J Josiah
24%
238 K Knox
24%
292 L Lennox
24%
428 M Matthias
24%
331 O Odin
24%
262 P Paxton
24%
236 P Phoenix
24%
424 P Porter
24%
230 R Remington
24%
378 R Romeo
24%
148 R Ryker
24%
100 S Silas
24%
407 T Trevor
24%
192 B Barrett
21%
109 B Beau
21%
210 B Beckett
21%
295 B Bodhi
21%
233 B Brantley
21%
92 B Brooks
21%
361 D Desmond
21%
475 G Gage
21%
227 H Holden
21%
278 J Jett
21%
496 K Keegan
21%
451 K Kian
21%
444 K Kolton
21%
244 K Kyler
21%
256 L Lane
21%
156 M Malachi
21%
373 M Malik
21%
480 M Marcos
21%
251 M Maximus
21%
240 N Nash
21%
202 N Nicolas
21%
436 S Sage
21%
398 S Sullivan
21%
168 T Thiago
21%
223 A Adonis
18%
299 A Atticus
18%
248 B Beckham
18%
286 C Cohen
18%
369 C Cyrus
18%
348 D Dakota
18%
465 D Dalton
18%
469 D Dax
18%
409 F Finnegan
18%
459 F Ford
18%
241 G Griffin
18%
350 I Ismael
18%
307 J Joaquin
18%
429 M Mathias
18%
420 O Oakley
18%
327 R Rylan
18%
379 S Sergio
18%
341 W Wade
18%
122 A Ayden
15%
371 C Cesar
15%
346 C Corbin
15%
301 D Dante
15%
355 E Elian
15%
354 G Gianni
15%
283 H Hendrix
15%
380 I Iker
15%
375 J Jaxton
15%
319 J Jaylen
15%
280 K Kairo
15%
294 K Kayson
15%
357 L Lawson
15%
377 N Nehemiah
15%
356 R Remy
15%
271 R Ronan
15%
390 R Ronin
15%
340 T Titus
15%
103 W Waylon
15%
185 Z Zayden
15%
140 A Adriel
12%
261 A Aidan
12%
217 A Amari
12%
448 A Apollo
12%
359 A Armani
12%
347 C Cairo
12%
288 D Daxton
12%
410 E Emanuel
12%
175 E Emiliano
12%
423 F Fabian
12%
462 F Forrest
12%
399 G Grady
12%
245 H Hayes
12%
441 I Ibrahim
12%
274 J Josue
12%
127 L Legend
12%
152 L Lorenzo
12%
412 L Luciano
12%
285 M Malakai
12%
264 M Maximiliano
12%
455 M Memphis
12%
190 M Messiah
12%
360 N Nasir
12%
325 O Orion
12%
413 P Princeton
12%
403 R Raiden
12%
450 R Reed
12%
316 R Reid
12%
492 R Rocco
12%
400 S Sterling
12%
466 U Uriel
12%
395 B Bowen
9%
488 C Cassius
9%
284 C Crew
9%
158 E Elliott
9%
337 K Kane
9%
224 K Kyrie
9%
470 L Leland
9%
349 M Major
9%
216 M Matias
9%
358 N Niko
9%
426 W Wilder
9%
383 C Caiden
6%
446 D Dominick
6%
454 K Kaison
6%
384 K Kamari
6%
476 K Kasen
6%
367 K Kason
6%
275 K Khalil
6%
449 K Kylo
6%
461 K Kyson
6%
345 L Leonel
6%
457 L Leonidas
6%
431 M Milan
6%
500 O Omari
6%
406 R Royce
6%
487 S Stetson
6%
485 T Tripp
6%
443 Z Zyaire
6%
473 A Adan
3%
495 A Aziel
3%
458 B Baylor
3%
440 B Briggs
3%
434 C Callan
3%
351 C Colson
3%
472 I Isaias
3%
442 K Kashton
3%
405 R Royal
3%
445 S Santino
3%
447 A Alijah
0%
477 A Alonzo
0%
460 A Ayaan
0%
362 E Ezequiel
0%
397 J Jayceon
0%
No matching quizzes found
Score Distribution
Percent of People with Each Score
Percentile by Number Answered
Your Score History
You have not taken this quiz